| 000 | 00506nam a2200181 i 4500 | ||
|---|---|---|---|
| 001 | bg | ||
| 100 | 1 | _aBOYD, John R. | |
| 245 | 0 |
_aBefore book one : _blistening activities for prebeginning students of English / _cJohn R. Boyd, Mary Ann Boyd. |
|
| 260 |
_aEnglewood Cliffs, _c1991. |
||
| 490 | 1 | _aTeachers' Edition | |
| 700 | 1 | _aBOYD, Mary Ann | |
| 830 | _aTeachers' Edition | ||
| 040 | _cBPK | ||
| 041 | _apol | ||
| 080 | _a802.0(075.8) | ||
| 942 | _cKS | ||
| 008 | s pl f |000 0 pol | ||
| 999 |
_c29538 _d29538 |
||